Pratique progressive de la confession et de la direction d'après la méthode de saint Ignace et dans l'esprit de saint François de Sales

Detalles Bibliográficos
Autor principal: Beaudenom
Formato: Libro
Lenguaje:French
Publicado: Paris 19--
Edición:Cinquième edition
Materias:
Colección:Banco de datos
Acervo:Biblioteca de la Congregación del Oratorio de San Felipe Neri de México. Iglesia La Profesa
Descripción Física:2 t. 15 cm.
Tema general:Ascética
Notas:Encuadernación en keratol. Ex libris manuscrito en la guarda anterior: "P. Diaz Santibañez"
LEADER 00953nam a22002050004500
035 |a 408 
041 0 |a fre 
100 1 |a Beaudenom 
245 1 0 |a Pratique progressive de la confession et de la direction d'après la méthode de saint Ignace et dans l'esprit de saint François de Sales 
250 |a Cinquième edition 
260 |a Paris  |b P. Lethielleux editeur, librairie Saint-Paul  |c 19-- 
300 |a 2 t.  |c 15 cm. 
500 |a Encuadernación en keratol. Ex libris manuscrito en la guarda anterior: "P. Diaz Santibañez" 
505 0 0 |a t. 1 De la tiédeur a la ferveur.-- t. 2 De la ferveur a la perfection 
504 |a Índice de materias, fe de erratas y catálogo de publicaciones en venta de la casa impresora 
650 1 0 |a Ascética 
949 |a Iglesia La Profesa, Biblioteca t. 1 (515); t. 2 (516) 
942 |c PROFESA 
943 |g Biblioteca de la Congregación del Oratorio de San Felipe Neri de México. Iglesia La Profesa 
999 |c 947219  |d 947219